MENTAL HEALTH AND ADJUSTMENT (Record no. 7945)

MARC details
000 -LEADER
fixed length control field 00450nam a22001697a 4500
005 - DATE AND TIME OF LATEST TRANSACTION
control field 20250918132830.0
008 - FIXED-LENGTH DATA ELEMENTS--GENERAL INFORMATION
fixed length control field 220215b ||||| |||| 00| 0 eng d
020 ## - INTERNATIONAL STANDARD BOOK NUMBER
ISBN 9789387460393
041 ## - LANGUAGE CODE
Language code of text/sound track or separate title eng
082 ## - DEWEY DECIMAL CLASSIFICATION NUMBER
Classification number 616.84
Item number SIN-M
100 ## - MAIN ENTRY--AUTHOR NAME
Personal name SINGARAVELU, PROF DR. G AND SHAHANA DR, A.M
245 ## - TITLE STATEMENT
Title MENTAL HEALTH AND ADJUSTMENT
260 ## - PUBLICATION, DISTRIBUTION, ETC. (IMPRINT)
Place of publication NEW DELHI
Name of publisher A.P. H. PUBLICATION
300 ## - PHYSICAL DESCRIPTION
Number of Pages 132;P.
650 ## - SUBJECT ADDED ENTRY--TOPICAL TERM
Topical Term PHARMACY
General subdivision B.PHARMA
942 ## - ADDED ENTRY ELEMENTS (KOHA)
Koha item type Books
Holdings
Lost status Damaged status Collection code Home library Current library Shelving location Date acquired Source of acquisition Cost, normal purchase price Full call number Accession Number Koha item type Serial Enumeration / chronology
    Reference JRU Library JRU Library SHELF - 10 - E 15/02/2022 PURCHASE 595.00 616.84 26501 Books  
    PHARMACY JRU Library JRU Library SHELF-5-E 15/02/2022 PURCHASE 495.00 616.84 26509 Books 610.89